Advances in computers. Volume 114 /

Advances in Computers, Volume 114, the latest volume in this innovative series published since 1960, presents detailed coverage of new advancements in computer hardware, software, theory, design and applications. Chapters in this updated release include A Comprehensive Survey of Issues in Solid Stat...

Full description

Bibliographic Details
Corporate Author: ScienceDirect (Online service)
Other Authors: Hurson, A. R. (Editor)
Format: eBook
Language:English
Published: Cambridge, MA : Academic Press, [2019]
Edition:First edition.
Subjects:
Online Access:Connect to the full text of this electronic book

MARC

Tag First Indicator Second Indicator Subfields
LEADER 00000cam a2200000 i 4500
001 in00005765521
005 20260327163619.7
006 m o d
007 cr unu||||||||
008 191106s2019 maua ob 000 0 eng d
040 |a UMI  |b eng  |e rda  |e pn  |c UMI  |d OCLCF  |d VLY  |d DST  |d OCLCQ  |d OCLCO  |d OCL  |d OCLCQ  |d OCLCO  |d OCLCL  |d OCLCQ  |d OCLCL 
020 |a 9780128171585 
020 |a 0128171588 
020 |z 9780128171578 
035 |a (OCoLC)1126570330 
037 |a CL0501000080  |b Safari Books Online 
050 4 |a QA76.9.B56 
082 0 4 |a 004  |2 23 
049 |a TXAM 
245 0 0 |a Advances in computers.  |n Volume 114 /  |c Ali R. Hurson [editor]. 
250 |a First edition. 
264 1 |a Cambridge, MA :  |b Academic Press,  |c [2019] 
264 4 |c ©2019 
300 |a 1 online resource (1 volume) :  |b illustrations 
336 |a text  |b txt  |2 rdacontent 
337 |a computer  |b c  |2 rdamedia 
338 |a online resource  |b cr  |2 rdacarrier 
588 0 |a Online resource; title from title page (Safari, viewed October 31, 2019). 
504 |a Includes bibliographical references. 
520 |a Advances in Computers, Volume 114, the latest volume in this innovative series published since 1960, presents detailed coverage of new advancements in computer hardware, software, theory, design and applications. Chapters in this updated release include A Comprehensive Survey of Issues in Solid State Drives, Revisiting VM performance and optimization challenges for big data, Towards Realizing Self-Protecting Healthcare Information Systems: Design and Security Challenges, and SSIM and ML based QoE enhancement approach in SDN context. Provides in-depth surveys and tutorials on new computer technology Covers well-known authors and researchers in the field Presents extensive bibliographies with most chapters Includes volumes that are devoted to single themes or subfields of computer science. 
650 0 |a Computer science. 
650 0 |a Software engineering. 
650 0 |a Electronic data processing. 
650 6 |a Informatique. 
650 6 |a Génie logiciel. 
650 7 |a computer science.  |2 aat 
650 7 |a data processing.  |2 aat 
650 7 |a Electronic data processing  |2 fast 
650 7 |a Computer science  |2 fast 
650 7 |a Software engineering  |2 fast 
655 7 |a Electronic books.  |2 local 
700 1 |a Hurson, A. R.,  |e editor. 
710 2 |a ScienceDirect (Online service) 
856 4 0 |u http://proxy.library.tamu.edu/login?url=https://www.sciencedirect.com/science/bookseries/00652458/114  |z Connect to the full text of this electronic book  |t 0 
955 |a Elsevier ScienceDirect 2026-2027 
955 |a Safari/O'Reilly ebooks 
994 |a 92  |b TXA 
999 f f |i 0572e384-e46d-4f8a-98a1-16d0431f8881  |s b5fd2139-f0f9-4c0e-86d2-66b30b6325d8  |t 0 
952 f f |a Texas A&M University  |b College Station  |c Electronic Resources  |s www_evans  |d Available Online  |t 0  |e QA76.9.B56   |h Library of Congress classification 
998 f f |a QA76.9.B56   |t 0  |l Available Online